Die 20 größten Fußballstadien Brandenburgs - Statistiken

Allgemein
  • Dieses Quiz wurde 4 mal gespielt
  • Das Durchschnittsergebnis liegt bei 5 aus 20
Antwortstatistiken
Kapazität Stadion % Korrekt
22.528 LEAG Energie Stadion (Cottbus)
100%
12.000 Stadion der Freundschaft (Frankfurt/Oder-Gubener Vorstadt)
100%
6.000 Stadion der Freundschaft (Großräschen)
100%
11.925 Karl-Liebknecht-Stadion (Potsdam-Babelsberg)
75%
7.500 Energie Arena (Strausberg)
25%
15.500 Stadion am Quenz (Brandenburg/Havel)
25%
10.000 Stadion Heinrichslust im Sportkomplex (Schwedt/Oder)
25%
8.000 Uckerstadion (Prenzlau)
25%
7.500 Waldstadion (Hohenbocka)
25%
7.868 Waldstadion (Ludwigsfelde)
25%
6.000 Alfred-Scholz-Kampfbahn (Welzow)
0%
7.000 EJB-Stadion am Werbellinsee (Joachimsthal-Altenhof)
0%
8.000 Elsterkampfbahn (Senftenberg-Brieske)
0%
6.000 Gefinex-Arena (Pritzwalk)
0%
19.000 Max-Reimann-Stadion im Sportzentrum Cottbus (Cottbus)
0%
6.000 Spreewaldstadion (Lübbenau/Spreewald)
0%
7.000 Stadion am Stadtring (Cottbus-Sandow)
0%
8.000 Stadion am Wasserturm (Forst/Lausitz)
0%
10.000 Stadion der Hüttenwerker auf den Sportanlagen Waldstraße (Eisenhüttenstadt)
0%
11.000 Stadion im Sportpark Luftschiffhafen (Potsdam)
0%
Keine übereinstimmenden Quizze gefunden
Verteilung der Resultate
Anzahl Personen mit jedem Resultat
Perzentil nach korrekt beantworteten Fragen
Ihre Resultats-Entwicklung
Sie haben dieses Quiz noch nicht gespielt